[Event "Championnat de France - Open A"]
[Site "PAU"]
[Date "2012.08.14"]
[Round "1.1"]
[White "Naudier, Serge"]
[Black "Daspres, Loic"]
[Result "1-0"]
[WhiteElo "2199"]
[BlackElo "2053"]
[PlyCount "117"]

1. e4 c6 2. d4 d5 3. Nc3 dxe4 4. Nxe4 Nd7 5. Bc4 Ngf6 6. Ng5 e6 7. Qe2 Nb6 8.
Bb3 h6 9. N5f3 c5 10. dxc5 Bxc5 11. Ne5 O-O 12. Ngf3 Nbd7 13. Bf4 Nd5 14. Bxd5
exd5 15. O-O-O Nxe5 16. Bxe5 Bf5 17. Bxg7 Re8 18. Qb5 Rc8 19. Bd4 a6 20. Qb3
Bxc2 21. Kxc2 Bxd4+ 22. Kb1 Bg7 23. Rhe1 Rxe1 24. Nxe1 Qd6 25. Nd3 b5 26. g3
Rc4 27. a3 Qe6 28. Re1 Re4 29. Rxe4 Qxe4 30. h4 Qf3 31. Qc2 Bd4 32. Kc1 Kg7 33.
Qd1 Qe4 34. Kd2 Qf5 35. Qe2 Qf6 36. Ke1 Qf5 37. g4 Qf6 38. h5 Kg8 39. Kf1 Kg7
40. Kg2 Kg8 41. b3 Qd6 42. a4 bxa4 43. Qe8+ Kg7 44. Qxa4 Bf6 45. Qf4 Qe7 46.
Qf5 d4 47. b4 Qb7+ 48. Qf3 Qb5 49. Qe4 a5 50. bxa5 Qxa5 51. Nf4 Qg5 52. Ne2 Qd2
53. Ng3 Qg5 54. Nf5+ Kf8 55. Kg3 Bd8 56. Qxd4 Bc7+ 57. f4 Ke8 58. Kf3 Qg8 59.
Qa4+ 1-0

[Event "Championnat de France - Open A"]
[Site "PAU"]
[Date "2012.08.14"]
[Round "1.2"]
[White "Rouffignac, Tanguy"]
[Black "Gicquel, Frederic"]
[Result "0-1"]
[WhiteElo "2053"]
[BlackElo "2194"]
[PlyCount "84"]

1. e4 d5 2. exd5 Qxd5 3. Nc3 Qd6 4. d4 Nf6 5. Nf3 a6 6. g3 Bg4 7. Bf4 Qb6 8.
Be2 Qxb2 9. Na4 Qa3 10. Nc5 b6 11. Bc1 Qc3+ 12. Bd2 Qb2 13. Nd3 Qa3 14. Nfe5
Bxe2 15. Qxe2 Qd6 16. Qf3 Qd5 17. Qxd5 Nxd5 18. c4 Nf6 19. a4 e6 20. a5 b5 21.
cxb5 axb5 22. Rb1 c6 23. Nb4 Bxb4 24. Bxb4 Nfd7 25. Rc1 Nxe5 26. dxe5 Na6 27.
Bd6 Kd7 28. Ke2 Nc7 29. Bxc7 Kxc7 30. Rhd1 Rhd8 31. Ra1 Rxd1 32. Kxd1 c5 33.
Kc2 Kc6 34. Kc3 Rd8 35. Kb3 Kb7 36. Kc3 Ka6 37. Kb3 Rd3+ 38. Kc2 c4 39. f4 b4
40. Ra4 Kb5 41. Ra1 Rd7 42. a6 Ra7 0-1

[Event "Championnat de France - Open A"]
[Site "PAU"]
[Date "2012.08.14"]
[Round "1.3"]
[White "Laplanche, Denis"]
[Black "Lemoine, Benoit"]
[Result "1-0"]
[WhiteElo "2172"]
[BlackElo "2051"]
[PlyCount "111"]

1. d4 Nf6 2. c4 g6 3. Nc3 d5 4. cxd5 Nxd5 5. e4 Nxc3 6. bxc3 c5 7. Be3 Bg7 8.
Qd2 O-O 9. Nf3 Qa5 10. Rc1 Rd8 11. d5 Bg4 12. c4 Qxd2+ 13. Nxd2 b6 14. Rb1 Bd7
15. Bd3 Na6 16. a3 Bd4 17. Ke2 Bxe3 18. Kxe3 Rab8 19. Rb2 Rb7 20. Nb1 Rdb8 21.
Nc3 Kf8 22. e5 Rd8 23. Be4 Rbb8 24. f4 Kg7 25. h3 h6 26. g4 Rh8 27. f5 g5 28.
e6 Be8 29. Bf3 Nc7 30. exf7 Kxf7 31. h4 gxh4 32. Rxh4 Bd7 33. Ne4 h5 34. Rbh2
Kg7 35. Rxh5 Rxh5 36. Rxh5 Be8 37. Rh2 b5 38. Nxc5 bxc4 39. Rc2 Bf7 40. Rxc4
Bxd5 41. Ra4 Bxf3 42. Kxf3 Nb5 43. Rb4 Rb6 44. Re4 Kf7 45. g5 Rc6 46. Nd7 Rc3+
47. Kf4 Nd6 48. g6+ Ke8 49. Nf6+ Kf8 50. Nh7+ Kg7 51. Rxe7+ Kh6 52. Nf8 Rc4+
53. Ke5 Ne4 54. Rh7+ Kg5 55. g7 Nf6 56. Ne6+ 1-0

[Event "Championnat de France - Open A"]
[Site "PAU"]
[Date "2012.08.14"]
[Round "1.4"]
[White "Richet, Vincent"]
[Black "Peltrault, Frederic"]
[Result "1-0"]
[WhiteElo "2051"]
[BlackElo "2171"]
[PlyCount "47"]

1. e4 e6 2. d4 d5 3. Nd2 Be7 4. c3 c5 5. Ngf3 Nc6 6. Bd3 Nf6 7. O-O O-O 8. exd5
exd5 9. dxc5 Bxc5 10. Nb3 Bb6 11. Bg5 h6 12. Bh4 g5 13. Bg3 Ne4 14. Nfd4 f5 15.
Nxc6 bxc6 16. Be5 c5 17. Bxe4 fxe4 18. f4 g4 19. c4 d4 20. Nd2 e3 21. Ne4 d3
22. Qa4 Bb7 23. Qb3 Bc6 24. Nd6 1-0

[Event "Championnat de France - Open A"]
[Site "PAU"]
[Date "2012.08.14"]
[Round "1.5"]
[White "Marie, Maxime"]
[Black "Muratet, Lucas"]
[Result "1-0"]
[WhiteElo "2170"]
[BlackElo "2047"]
[PlyCount "83"]

1. g3 e5 2. Bg2 d5 3. d3 Nf6 4. Nd2 Bd6 5. e3 Bg4 6. Ne2 Qd7 7. b3 Be6 8. a3
Nc6 9. c4 O-O 10. b4 a5 11. b5 Ne7 12. Qc2 c6 13. c5 Bc7 14. b6 Bd8 15. Bb2 Ng6
16. a4 Re8 17. e4 Qe7 18. Rc1 h5 19. Nf3 Nd7 20. h4 Qf8 21. Ng5 Be7 22. Ba3 Bg4
23. exd5 Bxg5 24. hxg5 e4 25. dxe4 cxd5 26. f3 Be6 27. O-O Nxb6 28. Bb2 Nc4 29.
Bd4 dxe4 30. fxe4 Nce5 31. Qc3 Bg4 32. Nf4 Ra6 33. Nd5 Rc6 34. Qxa5 h4 35. gxh4
Nxh4 36. Qc3 Nd7 37. Qg3 Nxg2 38. Qxg4 Nxc5 39. Nf6+ gxf6 40. gxf6+ Kh7 41.
Qh5+ Kg8 42. Bxc5 1-0

[Event "Championnat de France - Open A"]
[Site "PAU"]
[Date "2012.08.14"]
[Round "1.6"]
[White "Audin, Gilles"]
[Black "Kassis, Antoine"]
[Result "0-1"]
[WhiteElo "2046"]
[BlackElo "2164"]
[PlyCount "48"]

1. d4 Nf6 2. c4 g6 3. Nf3 Bg7 4. g3 O-O 5. Bg2 d6 6. O-O Nbd7 7. Nc3 Re8 8. Re1
e5 9. e4 exd4 10. Nxd4 a6 11. h3 Rb8 12. Bg5 h6 13. Bf4 Ne5 14. b3 c5 15. Bxe5
dxe5 16. Nc2 Be6 17. Qxd8 Rexd8 18. Red1 Ne8 19. Ne3 Bf8 20. Ned5 Bd6 21. a4
Bc7 22. a5 f6 23. Rd3 Kf7 24. Nxc7 Rxd3 0-1

[Event "Championnat de France - Open A"]
[Site "PAU"]
[Date "2012.08.14"]
[Round "1.7"]
[White "Forgues, Fabien"]
[Black "Brest, Jean-Francois"]
[Result "0-1"]
[WhiteElo "2163"]
[BlackElo "2046"]
[PlyCount "174"]

1. e4 e5 2. Nf3 Nc6 3. Bc4 Nf6 4. d3 Be7 5. O-O O-O 6. Re1 d6 7. c3 Na5 8. Bb5
a6 9. Ba4 b5 10. Bc2 c5 11. Nbd2 Re8 12. Nf1 Bf8 13. Ng3 g6 14. h3 Nc6 15. Nh2
d5 16. Qf3 d4 17. Ne2 Ra7 18. Nf1 Rd7 19. Rd1 Bb7 20. Bg5 Bg7 21. c4 h6 22.
Bxf6 Bxf6 23. b3 Bg7 24. Neg3 Rf8 25. Qe2 f5 26. Nd2 Qf6 27. Re1 Rdf7 28. Bd1
f4 29. Ngf1 h5 30. Nh2 Bc8 31. Qf1 Bh6 32. Bf3 Qh4 33. Qe2 Rg7 34. Kh1 Nd8 35.
cxb5 axb5 36. Rac1 Ne6 37. Rc2 Bd7 38. Rec1 Bg5 39. Qf1 Be7 40. Be2 Qf6 41. Qd1
Rh7 42. Ra1 b4 43. a4 bxa3 44. Nc4 Be8 45. Rxa3 g5 46. f3 Bd7 47. Ra7 Bd8 48.
Kg1 Rg7 49. Rca2 Nc7 50. Na3 Kh7 51. Qc1 Qe7 52. Ra5 Ne6 53. Ra7 Rfg8 54. Nc4
Nc7 55. Na3 Rg6 56. Rc2 Rc6 57. Rb7 Rgg6 58. Nb5 Nxb5 59. Rxb5 Bb6 60. b4 Rc7
61. Rxb6 Rxb6 62. Rxc5 Rxc5 63. bxc5 Rc6 64. Qc4 Rxc5 65. Qb3 Bb5 66. Qa2 Rc3
67. Qb1 Ba6 68. Nf1 Kg7 69. Kf2 Qc7 70. Qa1 Bxd3 71. Bxd3 Rxd3 72. Qa6 Rc3 73.
Qe6 Rc6 74. Qd5 Qd6 75. Qa5 d3 76. Qa7+ Rc7 77. Qa5 Qd4+ 78. Ke1 Qc3+ 79. Qxc3
Rxc3 80. g4 Rc2 81. Kd1 Rg2 82. Ke1 Rg3 83. gxh5 Rxf3 84. Nh2 Re3+ 85. Kd1 Rxe4
86. Ng4 Re3 87. Kd2 e4 0-1

[Event "Championnat de France - Open A"]
[Site "PAU"]
[Date "2012.08.14"]
[Round "1.8"]
[White "Sola, Flavien"]
[Black "Zarrouati, Pierre"]
[Result "1-0"]
[WhiteElo "2046"]
[BlackElo "2163"]
[PlyCount "85"]

1. g3 Nf6 2. Bg2 g6 3. c4 Bg7 4. Nc3 d6 5. d3 O-O 6. e4 c6 7. Nge2 a6 8. a4 a5
9. O-O Na6 10. h3 h6 11. Be3 Nd7 12. Qd2 Kh7 13. g4 Ndc5 14. Rab1 e5 15. d4
exd4 16. Nxd4 Qe7 17. b3 Nb4 18. Rfd1 Ncd3 19. Qe2 Nc5 20. Qd2 g5 21. Nc2 Nxc2
22. Qxc2 Ne6 23. e5+ Kh8 24. exd6 Qd8 25. Ne2 Bd7 26. c5 Qf6 27. b4 axb4 28.
Rxb4 Ra7 29. Be4 Re8 30. Rdb1 Nf4 31. Nxf4 gxf4 32. Bd4 Qh4 33. Bxg7+ Kxg7 34.
Qc3+ Kg8 35. Rxb7 Rxb7 36. Rxb7 Rxe4 37. Rxd7 Rxa4 38. Re7 Ra8 39. Kg2 h5 40.
gxh5 Qg5+ 41. Kh2 Qxh5 42. Qf6 f3 43. Re5 1-0

[Event "Championnat de France - Open A"]
[Site "PAU"]
[Date "2012.08.14"]
[Round "1.9"]
[White "Entem, Alan"]
[Black "Garnier, Teddy"]
[Result "0-1"]
[WhiteElo "2158"]
[BlackElo "2044"]
[PlyCount "74"]

1. e4 Nf6 2. Nc3 d5 3. exd5 Nxd5 4. Bc4 Nb6 5. Bb3 c5 6. d3 e6 7. Nf3 Be7 8.
Bf4 a6 9. Qd2 Nc6 10. Ne4 Nd5 11. Ne5 Nd4 12. O-O Nxf4 13. c3 Bg5 14. Kh1 Nxb3
15. axb3 b5 16. g3 Ng6 17. Nxf7 Bxd2 18. Nxd8 Kxd8 19. Nxd2 Bb7+ 20. Kg1 Kc7
21. Rfe1 e5 22. h4 h5 23. Ne4 Bxe4 24. Rxe4 Rhd8 25. g4 hxg4 26. Rxg4 Nf4 27.
b4 cxb4 28. d4 bxc3 29. bxc3 Ne2+ 30. Kf1 exd4 31. Kxe2 dxc3 32. Rxg7+ Kb6 33.
Rg6+ Kc5 34. Rgxa6 Rxa6 35. Rxa6 c2 36. Ra7 Kb6 37. Ra1 b4 0-1

[Event "Championnat de France - Open A"]
[Site "PAU"]
[Date "2012.08.14"]
[Round "1.10"]
[White "Dacalor, Aurelie"]
[Black "Le Hetet, Nicolas"]
[Result "1-0"]
[WhiteElo "2039"]
[BlackElo "2152"]
[PlyCount "101"]

1. d4 d5 2. c4 c6 3. Nc3 Nf6 4. Nf3 e6 5. e3 Nbd7 6. Qc2 Bd6 7. b3 O-O 8. Bb2
b6 9. Be2 Bb7 10. O-O c5 11. Rfd1 Qe7 12. a4 cxd4 13. exd4 Bb4 14. Na2 Bd6 15.
Nc3 a6 16. a5 dxc4 17. bxc4 bxa5 18. Rxa5 Bb4 19. Ra2 Rfc8 20. Ne5 Qd6 21. f4
Qc7 22. Bd3 h6 23. Qe2 Nf8 24. Na4 a5 25. Bc1 N6d7 26. Qh5 Nxe5 27. fxe5 Bc6
28. Be3 Rab8 29. c5 Bd5 30. Raa1 Bc6 31. Nb6 Rd8 32. Qg4 Kh8 33. Rac1 a4 34.
Nc4 Bd5 35. Rf1 Bxc4 36. Bxc4 Ng6 37. h4 Bxc5 38. dxc5 Qxe5 39. Bf2 Rb4 40. Qe2
Qf4 41. g3 Qc7 42. Rb1 Rxb1 43. Rxb1 Ne5 44. Ba6 Rd2 45. Qe4 a3 46. Ra1 a2 47.
Be3 Rb2 48. Bd4 Rb1+ 49. Kg2 f5 50. Qxe5 Qc6+ 51. Kf2 1-0

[Event "Championnat de France - Open A"]
[Site "PAU"]
[Date "2012.08.15"]
[Round "2.1"]
[White "Valette, Christian"]
[Black "Naudier, Serge"]
[Result "0-1"]
[WhiteElo "2074"]
[BlackElo "2199"]
[PlyCount "82"]

1. d4 Nf6 2. Nf3 d6 3. c4 Nbd7 4. Nc3 e5 5. e4 Be7 6. g3 O-O 7. Bg2 Re8 8. d5
Nc5 9. Qc2 a5 10. h3 h6 11. O-O Nh7 12. Kh2 Rf8 13. Be3 Na6 14. Ng1 h5 15. Nge2
h4 16. Qd2 Bg5 17. f4 hxg3+ 18. Nxg3 exf4 19. Bxf4 Nc5 20. Rae1 Nd7 21. Nb5 Ne5
22. Rc1 Bd7 23. Nd4 Ng6 24. Bxg5 Qxg5 25. Qxg5 Nxg5 26. c5 Nh4 27. Ndf5 Nxg2
28. Kxg2 g6 29. Nh6+ Kg7 30. Ng4 Nxh3 31. Nf6 Bc8 32. cxd6 cxd6 33. Rc7 Ng5 34.
e5 Bh3+ 35. Kg1 Bxf1 36. Kxf1 dxe5 37. Nd7 Rfd8 38. Rxb7 Rac8 39. Ke2 Rc4 40.
Ke3 Rd4 41. Nb6 Rb4 0-1

[Event "Championnat de France - Open A"]
[Site "PAU"]
[Date "2012.08.15"]
[Round "2.2"]
[White "Gicquel, Frederic"]
[Black "Ferrigno, Jean-Pierre"]
[Result "1-0"]
[WhiteElo "2194"]
[BlackElo "2071"]
[Annotator "Rivier,Sylvain"]
[PlyCount "61"]

1. e4 g6 2. d4 Bg7 3. c4 d6 4. Nc3 a6 5. Nf3 Bg4 6. Be2 Nc6 7. Be3 e5 8. d5
Bxf3 9. Bxf3 Nd4 10. Be2 c5 11. Qd2 Ne7 12. O-O O-O 13. Rab1 f5 14. f3 f4 15.
Bf2 b6 16. b4 Qc7 17. bxc5 bxc5 18. Rb2 Rfb8 19. Rfb1 g5 20. Bd1 Nec6 21. Na4
Bf6 22. Be1 Bd8 23. Kh1 h6 24. g3 Qa7 25. Qg2 Rxb2 26. Qxb2 fxg3 27. hxg3 Bc7
28. Qg2 Kg7 29. Qh3 Rb8 30. Qd7+ Kg8 31. Rc1 {suite illisible} 1-0

[Event "Championnat de France - Open A"]
[Site "PAU"]
[Date "2012.08.15"]
[Round "2.3"]
[White "Gaubil, Olivier"]
[Black "Laplanche, Denis"]
[Result "1-0"]
[WhiteElo "2070"]
[BlackElo "2172"]
[Annotator "Rivier,Sylvain"]
[PlyCount "140"]

1. d4 Nf6 2. Nf3 e6 3. g3 c5 4. c4 cxd4 5. Nxd4 Nc6 6. Nc3 a6 7. Bg2 Qc7 8. O-O
Rb8 9. Bg5 Be7 10. Rc1 d6 11. Qa4 Bd7 12. Nxc6 Bxc6 13. Bxc6+ Qxc6 14. Qxc6+
bxc6 15. b3 O-O 16. Rfd1 Rfd8 17. Rd3 Kf8 18. Rcd1 Ne8 19. Bc1 f5 20. e4 g6 21.
exf5 gxf5 22. Ne2 c5 23. Nf4 Kf7 24. Re1 e5 25. Nd5 Nf6 26. Nxf6 Bxf6 27. Red1
Ke6 28. Rd5 Be7 29. Bd2 Rg8 30. Ba5 Rb7 31. R5d3 h5 32. Kg2 Bf8 33. Bd8 Rh7 34.
Bh4 Rb7 35. Rd5 Rg4 36. Bg5 Rd4 37. Be3 Rg4 38. f3 Rg6 39. Bg5 a5 40. Kh3 Be7
41. f4 Bf8 42. fxe5 dxe5 43. Rd8 Be7 44. Re8 Kf7 45. Rxe7+ Rxe7 46. Bxe7 Kxe7
47. Rd5 Ke6 48. Rxc5 Rg8 49. Rc6+ Ke7 50. Rh6 e4 51. Rxh5 Ke6 52. Rg5 Rd8 53.
Rg6+ Ke5 54. Ra6 e3 55. Kg2 Rd2+ 56. Kf3 Rxa2 57. Kxe3 Ra3 58. Rb6 a4 59. Rb5+
Ke6 60. Rb6+ Ke5 61. Rb5+ Ke6 62. Kf4 Rxb3 63. Re5+ Kf6 64. Rxf5+ Kg6 65. Rg5+
Kf6 66. Ke4 a3 67. Rf5+ Ke6 68. g4 Rh3 69. Kf4 Rc3 70. Rh5 Rxc4+ {suite
illisible} 1-0

[Event "Championnat de France - Open A"]
[Site "PAU"]
[Date "2012.08.15"]
[Round "2.4"]
[White "Lagunes, Jean-Renaud"]
[Black "Marie, Maxime"]
[Result "0-1"]
[WhiteElo "2070"]
[BlackElo "2170"]
[PlyCount "158"]

1. e4 c5 2. Nf3 Nc6 3. Bb5 Qc7 4. a4 Nf6 5. d3 e6 6. O-O Nd4 7. Nxd4 cxd4 8. c3
a6 9. Bc4 d5 10. exd5 exd5 11. Re1+ Be6 12. Bb3 Bd6 13. cxd4 Bxh2+ 14. Kf1 Bf4
15. Nc3 O-O 16. Qf3 Bxc1 17. Raxc1 Qb6 18. Nxd5 Bxd5 19. Bxd5 Nxd5 20. Qxd5
Rad8 21. Qf3 Qxb2 22. Rb1 Qxd4 23. Rxb7 Qxa4 24. g3 Qd4 25. Ree7 Qxd3+ 26. Qxd3
Rxd3 27. Rb6 Ra3 28. Ra7 h5 29. Kg2 Rc8 30. Rbb7 Rf8 31. Rb6 Kh7 32. Rbxa6 Rxa6
33. Rxa6 Rb8 34. Kh3 Rb2 35. f4 Rf2 36. Rb6 f6 37. Ra6 Kg6 38. Ra7 Kh6 39. Ra6
Kh7 40. Ra7 Rb2 41. Ra5 Kh6 42. Ra6 Rb7 43. Rc6 Kg6 44. Rc5 Rb1 45. Ra5 Rh1+
46. Kg2 Re1 47. Kh3 Kh6 48. Ra6 Re8 49. Rb6 Kg6 50. Rb5 Rd8 51. Kh4 Rd1 52. Kh3
Kh6 53. Rf5 Rd6 54. Ra5 g6 55. Ra8 Rd7 56. Rb8 Kg7 57. Ra8 Kf7 58. Ra6 Ke7 59.
Kh4 Rd1 60. Kh3 Rd6 61. Ra8 Ke6 62. Rg8 Kf5 63. Rg7 Rd1 64. Ra7 Rd5 65. Ra4 Rc5
66. Rb4 Rd5 67. Ra4 Ke6 68. Re4+ Kd6 69. Re8 Kd7 70. Rh8 Ke6 71. Re8+ Kf5 72.
Re7 Rd1 73. Ra7 Ke4 74. Ra4+ Ke3 75. Ra3+ Rd3 76. Ra2 Kf3 77. Rg2 Rd1 78. Kh2
Rf1 79. g4 hxg4 0-1

[Event "Championnat de France - Open A"]
[Site "PAU"]
[Date "2012.08.15"]
[Round "2.5"]
[White "Kassis, Antoine"]
[Black "Lebreton, Flavien"]
[Result "1-0"]
[WhiteElo "2164"]
[BlackElo "2060"]
[PlyCount "68"]

1. d4 Nf6 2. c4 e6 3. Nf3 d5 4. Nc3 Be7 5. Bf4 O-O 6. e3 b6 7. Bd3 Bb7 8. cxd5
exd5 9. O-O a6 10. Ne5 c5 11. Qf3 Nc6 12. dxc5 bxc5 13. Rfd1 Nb4 14. Bb1 Qb6
15. Qe2 Qe6 16. a3 Nc6 17. Nf3 Rad8 18. Bg5 Ne5 19. Ba2 h6 20. Bf4 Ng6 21. Bg3
Qc6 22. Be5 d4 23. exd4 cxd4 24. Rxd4 Nxe5 25. Qxe5 Rxd4 26. Qxd4 Bc5 27. Qf4
Qb6 28. Nd1 Bd6 29. Qe3 Bc5 30. Qb3 Qxb3 31. Bxb3 Bxf3 32. gxf3 Rd8 33. Rc1 Bd4
34. Rc7 Kh8 1-0

[Event "Championnat de France - Open A"]
[Site "PAU"]
[Date "2012.08.15"]
[Round "2.6"]
[White "Duff, Rufus"]
[Black "Gallant, Aurelien"]
[Result "1-0"]
[WhiteElo "2143"]
[BlackElo "2054"]
[PlyCount "99"]

1. e4 c5 2. Nf3 d6 3. d4 cxd4 4. Nxd4 Nf6 5. Nc3 a6 6. Be3 e5 7. Nb3 Be6 8. Qd2
Be7 9. f3 Nbd7 10. O-O-O b5 11. g4 Nb6 12. Na5 Qc7 13. g5 Nfd7 14. Nd5 Bxd5 15.
exd5 Rc8 16. Kb1 Nxd5 17. Qxd5 Qxa5 18. c4 O-O 19. cxb5 axb5 20. Qxb5 Qc7 21.
Rc1 Nc5 22. Qc4 Qb7 23. Qe2 Na4 24. Ka1 Rb8 25. Rc2 d5 26. Bh3 d4 27. Bc1 Rfd8
28. Bf5 Qd5 29. Be4 Qa5 30. Rd1 Nc5 31. f4 Rd6 32. fxe5 Ra6 33. Bd5 d3 34. Rxd3
Nxd3 35. Qxd3 Rd8 36. b4 Rxd5 37. Rc8+ Bd8 38. Qc4 Qxa2+ 39. Qxa2 Rxa2+ 40.
Kxa2 Kf8 41. Bb2 Ke7 42. h4 Kd7 43. Ra8 Rd2 44. Kb3 Kc6 45. Bc3 Rd1 46. Kc4 Kb7
47. Ra1 Rd7 48. Bd4 Bc7 49. Ra7+ Kb8 50. Bb6 1-0

[Event "Championnat de France - Open A"]
[Site "PAU"]
[Date "2012.08.15"]
[Round "2.7"]
[White "Aflalo, Sophie"]
[Black "Pluyaud, Benoit"]
[Result "1-0"]
[WhiteElo "2065"]
[BlackElo "2138"]
[PlyCount "83"]

1. e4 e5 2. Nf3 d6 3. Bc4 c6 4. Nc3 Be7 5. d4 Nd7 6. Be3 Ngf6 7. Bb3 O-O 8. a4
b6 9. h3 Bb7 10. O-O Rc8 11. Nd2 a6 12. Qf3 exd4 13. Bxd4 Ne5 14. Qg3 Nh5 15.
Qh2 Ng6 16. Nf3 c5 17. Be3 Nf6 18. Bd5 Nxd5 19. exd5 Bf6 20. Rad1 Bxc3 21. bxc3
Qd7 22. Bf4 Rfd8 23. Rfe1 b5 24. axb5 axb5 25. Ng5 Qf5 26. Bc1 Ne5 27. Qg3 Re8
28. Ne4 Rcd8 29. Bg5 Nc4 30. Bxd8 Rxe4 31. Bf6 g6 32. Rxe4 Qxf6 33. Kh2 Nb6 34.
Re8+ Kg7 35. Rb8 Qe7 36. Qe3 Qd7 37. c4 Nxc4 38. Qc3+ f6 39. f4 Qf7 40. Qe1
Bxd5 41. Re8 h6 42. Re7 1-0

[Event "Championnat de France - Open A"]
[Site "PAU"]
[Date "2012.08.15"]
[Round "2.8"]
[White "Soyer, Jean-Yves"]
[Black "Youssoupov, Moisse"]
[Result "1-0"]
[WhiteElo "2058"]
[BlackElo "2138"]
[PlyCount "107"]

1. Nf3 Nf6 2. c4 c5 3. Nc3 Nc6 4. d4 cxd4 5. Nxd4 d6 6. e4 g6 7. Be2 Bg7 8. Be3
O-O 9. O-O Nd7 10. Qd2 Nc5 11. Rab1 Ne6 12. Nxe6 Bxe6 13. Nd5 Re8 14. Rbd1 Qc8
15. b3 Bd7 16. f3 b6 17. Kh1 Qb7 18. f4 f5 19. exf5 Bxf5 20. Bf3 Qd7 21. Nb4
Nxb4 22. Bxa8 Rxa8 23. Qxb4 Be4 24. Qd2 Qc6 25. Rf2 h5 26. Kg1 Rf8 27. Re1 h4
28. Bd4 Bh6 29. Qe3 Bf5 30. Qxe7 h3 31. Qh4 Bg7 32. Bxg7 Kxg7 33. Re7+ Rf7 34.
Rxf7+ Kxf7 35. Qh7+ Kf6 36. Qh8+ Kf7 37. Qh7+ Kf6 38. Re2 Qc5+ 39. Kh1 hxg2+
40. Kxg2 Qc6+ 41. Kg3 Be4 42. Qh8+ Kf7 43. Qd4 d5 44. cxd5 Bxd5 45. Qe5 Be6 46.
Qxe6+ Qxe6 47. Rxe6 Kxe6 48. Kg4 Kf6 49. h3 a6 50. a3 a5 51. a4 Ke6 52. Kg5 Kf7
53. f5 gxf5 54. Kxf5 1-0

[Event "Championnat de France - Open A"]
[Site "PAU"]
[Date "2012.08.15"]
[Round "2.9"]
[White "Fejzovski, Enver"]
[Black "Richet, Vincent"]
[Result "1-0"]
[WhiteElo "2126"]
[BlackElo "2051"]
[PlyCount "81"]

1. Nf3 Nf6 2. b3 d5 3. Bb2 c5 4. e3 Nc6 5. Bb5 a6 6. Bxc6+ bxc6 7. Ne5 Bb7 8.
O-O e6 9. d3 Bd6 10. f4 O-O 11. Nd2 a5 12. a4 c4 13. bxc4 Qb6 14. Bd4 c5 15.
Rb1 Qc7 16. Ba1 Bc6 17. Nxc6 Qxc6 18. Bxf6 gxf6 19. Qg4+ Kh8 20. Qh4 Be7 21. e4
Qxa4 22. e5 Qxc2 23. Nf3 Rg8 24. g3 Rg6 25. cxd5 Qxd3 26. Rb7 Re8 27. d6 Bd8
28. Rxf7 h6 29. exf6 c4 30. Kg2 Bb6 31. Re1 Qc2+ 32. Kh3 Qf5+ 33. g4 Qd3 34.
Qg3 h5 35. g5 Qf5+ 36. Kg2 Qc2+ 37. Kh1 Bf2 38. Qg2 Rb8 39. Ne5 Rgg8 40. Qf3
Rg7 41. Rxg7 1-0

[Event "Championnat de France - Open A"]
[Site "PAU"]
[Date "2012.08.15"]
[Round "2.10"]
[White "Coustance, Kevin"]
[Black "Aubry, Yannis"]
[Result "1-0"]
[WhiteElo "2054"]
[BlackElo "2122"]
[PlyCount "75"]

1. c4 Nf6 2. g3 c5 3. Bg2 d5 4. cxd5 Nxd5 5. Nc3 Nc7 6. Nf3 Nc6 7. O-O e5 8. d3
Be7 9. Nd2 Bd7 10. Nc4 f6 11. Ne4 O-O 12. Be3 Ne6 13. Rc1 f5 14. Nc3 f4 15. Bd2
Rf5 16. Ne4 Rh5 17. e3 Rh6 18. Ncd6 Qf8 19. Nxb7 Rb8 20. Na5 Nxa5 21. Bxa5 Rxb2
22. Bc3 Rxa2 23. Bxe5 Ba4 24. Qf3 fxg3 25. Qxf8+ Bxf8 26. fxg3 Ra3 27. d4 Rxe3
28. d5 Rh5 29. Ba1 Nc7 30. Nxc5 Bb5 31. Rfd1 Ne8 32. Ne6 Bd6 33. Bd4 Ra3 34.
Rc8 Kf7 35. Bc5 Bd7 36. Bxd6 Nxd6 37. Rc7 Ke7 38. Nc5 1-0

[Event "Championnat de France - Open A"]
[Site "PAU"]
[Date "2012.08.16"]
[Round "3.1"]
[White "Naudier, Serge"]
[Black "Derieux, Christian"]
[Result "1-0"]
[WhiteElo "2199"]
[BlackElo "2080"]
[PlyCount "61"]

1. e4 g6 2. d4 Bg7 3. c3 d6 4. Bc4 c6 5. Bb3 d5 6. Qe2 dxe4 7. Qxe4 Nf6 8. Qh4
h6 9. Ne2 Bf5 10. O-O Nbd7 11. Re1 g5 12. Qg3 Ne4 13. Qf3 Nd6 14. Ng3 Bg6 15.
Nh5 Bf8 16. h4 Qc7 17. Ng3 gxh4 18. Nh5 O-O-O 19. Qg4 Qa5 20. Nf4 Bf5 21. Qxh4
Bg7 22. Nh5 Bxd4 23. Qxd4 Bxb1 24. Rxb1 Qxh5 25. Qxa7 Rhg8 26. Bf4 e5 27. Bg3
f5 28. Bxg8 Rxg8 29. Qa8+ Nb8 30. Bxe5 Qg6 31. g3 1-0

[Event "Championnat de France - Open A"]
[Site "PAU"]
[Date "2012.08.16"]
[Round "3.2"]
[White "Thon, Gabriel"]
[Black "Gicquel, Frederic"]
[Result "1-0"]
[WhiteElo "2081"]
[BlackElo "2194"]
[PlyCount "69"]

1. e4 d5 2. exd5 Qxd5 3. Nf3 Bg4 4. Be2 Nc6 5. O-O O-O-O 6. Nc3 Qd7 7. Ng5 Bxe2
8. Qxe2 e6 9. Nf3 Nge7 10. d3 Nf5 11. Be3 Be7 12. Rfd1 Nxe3 13. fxe3 g5 14. Rf1
f5 15. Kh1 g4 16. Nd2 h5 17. Nc4 h4 18. a3 h3 19. g3 Bf6 20. d4 Rhe8 21. Rad1
a6 22. Kg1 Ne7 23. b4 Nd5 24. Nxd5 exd5 25. Na5 Bg5 26. Rd3 Qe6 27. Re1 Re7 28.
Nb3 Rde8 29. Kf2 f4 30. Nc5 Qf5 31. Kg1 b6 32. Rc3 bxc5 33. Qxa6+ Kd7 34. Rxc5
Rc8 35. Qc6+ 1-0

[Event "Championnat de France - Open A"]
[Site "PAU"]
[Date "2012.08.16"]
[Round "3.3"]
[White "Marie, Maxime"]
[Black "Deslias, Gregoire"]
[Result "1/2-1/2"]
[WhiteElo "2170"]
[BlackElo "2075"]
[PlyCount "135"]

1. c4 e5 2. g3 Nf6 3. Bg2 d5 4. cxd5 Nxd5 5. Nf3 Nc6 6. O-O Be7 7. d4 exd4 8.
Nxd4 Nxd4 9. Qxd4 Nf6 10. Qa4+ c6 11. Rd1 Qb6 12. Be3 Bc5 13. Bxc5 Qxc5 14. b4
Qb6 15. Nd2 Be6 16. Rac1 O-O 17. Nb3 Bd5 18. Qa5 Rfe8 19. e3 Bxg2 20. Kxg2 Rab8
21. Rd4 Red8 22. Rcd1 Rxd4 23. Rxd4 Kf8 24. a3 Qxa5 25. Nxa5 Ke7 26. Kf3 Nd7
27. Re4+ Kf6 28. Ke2 c5 29. Nc4 cxb4 30. axb4 Nb6 31. Nd6 g5 32. h4 h6 33. h5
Nd5 34. Ne8+ Kf5 35. Nd6+ Kf6 36. Rd4 Nc7 37. Nc4 Ne6 38. Rd7 Nf8 39. Rd2 Ne6
40. Nd6 g4 41. Rd5 b6 42. e4 Ng7 43. Ke3 Rd8 44. Kf4 Ke6 45. Nb5 Rxd5 46. Nc7+
Kd6 47. Nxd5 Nxh5+ 48. Kxg4 Ng7 49. Kf4 a5 50. bxa5 bxa5 51. Nc3 f6 52. Nd5 f5
53. Ne3 fxe4 54. Nc4+ Kd5 55. Nxa5 Ne6+ 56. Ke3 Nc5 57. g4 Nd3 58. Nb3 Ke5 59.
Nd2 Nxf2 60. Nc4+ Kd5 61. Nb6+ Ke5 62. Nd7+ Kd6 63. Kxf2 Kxd7 64. Ke3 Ke6 65.
Kxe4 Kf6 66. Kf4 Kg6 67. Kf3 h5 68. gxh5+ 1/2-1/2

[Event "Championnat de France - Open A"]
[Site "PAU"]
[Date "2012.08.16"]
[Round "3.4"]
[White "Fageot, Julien"]
[Black "Kassis, Antoine"]
[Result "1-0"]
[WhiteElo "2078"]
[BlackElo "2164"]
[PlyCount "117"]

1. d4 Nf6 2. Nf3 g6 3. Bf4 Bg7 4. e3 O-O 5. Be2 b6 6. O-O Bb7 7. c4 c5 8. Nc3
d6 9. d5 Nbd7 10. e4 a6 11. a4 Qc7 12. h3 Ne8 13. Qd2 Ne5 14. Bh6 Nxf3+ 15.
Bxf3 Bxh6 16. Qxh6 Ng7 17. g4 e5 18. Kh1 f6 19. h4 Bc8 20. Rg1 Qd8 21. Be2 Bd7
22. b3 Rb8 23. Raf1 Qe7 24. Rg3 Kh8 25. Rfg1 Rg8 26. f4 exf4 27. Qxf4 Qe5 28.
Rf1 Rgf8 29. g5 Qxf4 30. Rxf4 f5 31. Re3 Rbe8 32. Kg2 Re5 33. Bd3 Kg8 34. Re2
Nh5 35. Rf1 Ng7 36. exf5 Rxe2+ 37. Nxe2 Bxf5 38. Nc1 Re8 39. Kf2 Bxd3 40. Nxd3
Nf5 41. h5 gxh5 42. Nf4 Nd4 43. Nxh5 Rf8+ 44. Nf6+ Kg7 45. Kg3 Kg6 46. Rh1 Rh8
47. Kg4 h6 48. Rh3 b5 49. cxb5 axb5 50. a5 Nf5 51. Nh5 Rf8 52. Nf4+ Kh7 53. g6+
Kg8 54. Ne6 h5+ 55. Kg5 Ra8 56. Kxf5 Rxa5 57. Rxh5 Ra1 58. g7 Rf1+ 59. Kg6 1-0

[Event "Championnat de France - Open A"]
[Site "PAU"]
[Date "2012.08.16"]
[Round "3.5"]
[White "Gaubil, Olivier"]
[Black "Duff, Rufus"]
[Result "1-0"]
[WhiteElo "2070"]
[BlackElo "2143"]
[PlyCount "61"]

1. c4 e6 2. g3 d5 3. Bg2 Nf6 4. Nf3 Be7 5. d4 O-O 6. O-O dxc4 7. Qc2 a6 8. Rd1
b5 9. Ng5 c6 10. Nc3 h6 11. Nf3 Bb7 12. Ne5 Qc7 13. Bf4 Bd6 14. Ne4 Nxe4 15.
Qxe4 f5 16. Qf3 g5 17. Qh5 Rf6 18. Qe8+ Kh7 19. Nf7 Bxf4 20. Qh8+ Kg6 21. Qg8+
Kh5 22. Bf3+ g4 23. Bxg4+ fxg4 24. f3 Rg6 25. fxg4+ Rxg4 26. Qe8 Rg6 27. Nh8
Be3+ 28. Kg2 Qg7 29. Kh3 Nd7 30. g4+ Kg5 31. Nf7+ 1-0